[Event "Liga Mazowiecka 2007/08"]
[Site "masterchessopen.com Poland"]
[Date "2007.12.02"]
[Round "4"]
[White "Moskwinski Tadeusz (POL)"]
[Black "Suchocki Tomasz (POL)"]
[Result "1-0"]
[WhiteElo "2214"]
[BlackElo "1957"]

1.e4 c5 2.Nf3 Nc6 3.d4 cxd4 4.Nxd4 Nf6 5.Nc3 d6 6.Bg5 Bd7 7.Qd2 Qa5 8.Nb3 Qc7
9.O-O-O a6 10.f4 e6 11.Be2 Be7 12.Bf3 Rc8 13.Rhe1 h6 14.Bh4 g5 15.fxg5 Nh7
16.Kb1 hxg5 17.Bg3 Ne5 18.Be2 b5 19.Bd3 Nf8 20.Nd4 Nfg6 21.Nf3 Nxf3 22.gxf3
Ne5 23.Rf1 b4 24.Ne2 Nxd3 25.cxd3 b3 26.Rc1 bxa2+ 27.Kxa2 Qb6 28.Rxc8+ Bxc8
29.Qc3 {#r} 1-0

[Event "Memorial M.Chigorin (open) ( b)"]
[Site "masterchessopen.com St. Petersburg (Russia)"]
[Date "2007.12.08"]
[Round "8"]
[White "Lelekova Olga (RUS)"]
[Black "Chernenko Ilya (RUS)"]
[Result "1-0"]
[WhiteElo "2230"]
[BlackElo "1938"]

1.e4 c5 2.Nf3 Nc6 3.Nc3 Nf6 4.d4 cxd4 5.Nxd4 d6 6.Bg5 Bd7 7.Qd2 Rc8 8.O-O-O
Nxd4 9.Qxd4 Qa5 10.f4 h6 11.Bxf6 gxf6 12.Kb1 Qc5 13.Qd2 e6 14.Be2 b5 15.e5 f5
16.exd6 a6 17.Bf3 Bg7 18.Ne2 O-O 19.Rhg1 b4 20.g4 Kh8 21.g5 Ba4 22.b3 Bb5
23.gxh6 Bf6 24.Rg3 Bxe2 25.Bxe2 Qa5 26.a4 e5 27.d7 Rc6 28.h7 exf4 29.Rg8+ Kxh7
30.Rxf8 Qe5 31.Rxf7+ {#r} 1-0

[Event "It (open)"]
[Site "masterchessopen.com Zadar (Croatia)"]
[Date "2007.12.17"]
[Round "3"]
[White "Saric Ivan (CRO)"]
[Black "Titz Heimo (AUT)"]
[Result "1-0"]
[WhiteElo "2466"]
[BlackElo "2223"]

1.e4 c5 2.Nf3 Nc6 3.d4 cxd4 4.Nxd4 Nf6 5.Nc3 d6 6.Bg5 Bd7 7.Qd2 Rc8 8.f4 a6
9.O-O-O h6 10.Bxf6 gxf6 11.Nf5 Qa5 12.Bc4 Qc5 13.Bb3 Na5 14.Nd5 Nxb3+ 15.axb3
Kd8 16.b4 Qc4 17.Qf2 Rc6 18.Nd4 Qa2 19.Nxc6+ Bxc6 20.Qb6+ Kd7 21.Qc7+ Ke6
22.Qc8+ Bd7 23.Nc7# 1-0

[Event "It (open)"]
[Site "masterchessopen.com New Delhi (India)"]
[Date "2008.01.16"]
[Round "6"]
[White "Aswin Jayaram (IND)"]
[Black "Arvind C J (IND)"]
[Result "1-0"]
[WhiteElo "2437"]
[BlackElo "2292"]

1.e4 c5 2.Nf3 d6 3.d4 cxd4 4.Nxd4 Nf6 5.Nc3 Nc6 6.Bg5 Bd7 7.Qd2 h6 8.Bxf6 gxf6
9.Nf5 Qa5 10.Ne3 Rc8 11.Bd3 h5 12.O-O Ne5 13.Kh1 Nxd3 14.Qxd3 e6 15.Rad1 Qc5
16.f4 b5 17.e5 f5 18.Rfe1 d5 19.Nexd5 exd5 20.Nxd5 Bc6 21.Nf6+ Ke7 22.Qxf5
Bxg2+ 23.Kxg2 Qxc2+ 24.Qxc2 Rxc2+ 25.Kf3 Ke6 26.Rd8 Bb4 27.Rxh8 Bxe1 28.Re8+
Kf5 29.Ne4 Rxh2 30.Nd6+ Kg6 31.f5+ Kg5 32.Rg8+ Kh6 33.f6 {#r} 1-0

[Event "Ch Poland (juniors) (under 20)"]
[Site "masterchessopen.com Sroda (Poland)"]
[Date "2008.01.27"]
[Round "3"]
[White "Piorun Kacper (POL)"]
[Black "Galazewski Tomasz (POL)"]
[Result "1-0"]
[WhiteElo "2472"]
[BlackElo "2245"]

1.e4 c5 2.Nf3 d6 3.d4 cxd4 4.Nxd4 Nf6 5.Nc3 Nc6 6.Bg5 Bd7 7.Qd2 Rc8 8.Nb3 e6
9.Be2 a6 10.O-O b5 11.a3 h6 12.Bh4 g5 13.Bg3 e5 14.a4 b4 15.Nd5 Nxe4 16.Qe3
Nxg3 17.fxg3 Bg7 18.Bxa6 Rb8 19.Bd3 Be6 20.Qe4 Na5 21.Nd4 Bxd5 22.Qxd5 O-O
23.Qe4 {#r} 1-0

[Event "It (cat.7)"]
[Site "masterchessopen.com St. Petersburg (Russia)"]
[Date "2008.01.29"]
[Round "6"]
[White "Ginzburg Mikhail (BLR)"]
[Black "Shishkin Vadim (UKR)"]
[Result "0-1"]
[WhiteElo "2256"]
[BlackElo "2502"]

1.e4 c5 2.Nf3 Nc6 3.d4 cxd4 4.Nxd4 Nf6 5.Nc3 d6 6.Bg5 Bd7 7.Qd2 Nxd4 8.Qxd4 h6
9.Bxf6 gxf6 10.O-O-O Qa5 11.f4 Rc8 12.Kb1 Qc5 13.Qd2 f5 14.exf5 Bxf5 15.Bb5+
Kd8 16.Bd3 Bxd3 17.Qxd3 Bg7 18.Nd5 e6 19.Ne3 Rc6 20.c3 Kc8 21.f5 Kb8 22.Rhf1
Rhc8 23.Rf4 d5 24.Rb4 Qd6 25.h3 Bxc3 26.bxc3 Rxc3 27.Qb5 Qc7 28.Rb3 Rxe3
29.Rb2 Rc3 30.a4 a6 {#R} 0-1

[Event "Tournament (juniors)"]
[Site "masterchessopen.com Bydgoszcz (Poland)"]
[Round "8"]
[White "Licznerski Lukasz (POL)"]
[Black "Sobkowski Krzysztof (POL)"]
[Result "1-0"]
[WhiteElo "1932"]
[BlackElo "1570"]

1.e4 c5 2.Nf3 Nc6 3.d4 cxd4 4.Nxd4 Nf6 5.Nc3 d6 6.Bg5 Bd7 7.Qd2 Qb6 8.Nb3 a5
9.a4 h6 10.Bxf6 gxf6 11.Nd5 Qd8 12.Qe3 Bg7 13.Nb6 Rb8 14.Bb5 Ne5 15.Nxd7 Nxd7
16.Nd4 Qb6 17.O-O e6 18.Nxe6 Qxe3 19.Nxg7+ Kf8 20.fxe3 Nc5 21.Nh5 Nxe4 22.Nxf6
Nxf6 23.Rxf6 {#r} 1-0

[Event "Ch Croatia (w)"]
[Site "masterchessopen.com Djakovo (Croatia)"]
[Date "2008.02.08"]
[Round "9"]
[White "Purgar Ivona (CRO)"]
[Black "Berke Ana (CRO)"]
[Result "0-1"]
[WhiteElo "2070"]
[BlackElo "2080"]

1.e4 c5 2.Nf3 d6 3.d4 Nf6 4.Nc3 cxd4 5.Nxd4 Nc6 6.Bg5 Bd7 7.Qd2 Rc8 8.O-O-O
Nxd4 9.Qxd4 Qa5 10.Bxf6 gxf6 11.Kb1 Rg8 12.f4 Qc5 13.Qxc5 Rxc5 14.Rd5 Rxd5
15.Nxd5 f5 16.exf5 Bxf5 17.Bb5+ Kd8 18.g3 h5 19.Re1 h4 20.Ne3 hxg3 21.hxg3 Be4
22.g4 Rh8 23.Bc4 e6 24.a3 d5 25.Bb3 Bc5 26.f5 Rh3 27.Nd1 Rxb3 28.Rxe4 Rxb2+
29.Kxb2 dxe4 30.fxe6 f6 31.Kc3 Ke7 32.Kc4 e3 33.Nc3 Bxa3 34.Nd5+ Kxe6 35.Nxe3
Bc1 36.Nd5 Ke5 37.Kc5 Ba3+ 38.Kc4 b5+ {#R} 0-1

[Event "Ch Ukraine (juniors) (under 16)"]
[Site "masterchessopen.com Odessa (Ukraine)"]
[Date "2008.03.21"]
[Round "2"]
[White "Nyzhnyk Illya (UKR)"]
[Black "Tsirulnik Mark (UKR)"]
[Result "1-0"]
[WhiteElo "2444"]
[BlackElo "2078"]

1.e4 c5 2.Nf3 d6 3.d4 cxd4 4.Nxd4 Nf6 5.Nc3 Nc6 6.Bg5 Bd7 7.Qd2 Rc8 8.O-O-O
Nxd4 9.Qxd4 Qa5 10.f4 e5 11.fxe5 Rxc3 12.Bd2 Qa4 13.Bxc3 Nxe4 14.exd6 Bxd6
15.Qxa4 Bxa4 16.Re1 f5 17.Bc4 Kd7 18.Bxg7 Rc8 19.b3 Bc6 20.Rhf1 b5 21.Bd3 Bxh2
22.Rxf5 Nd6 23.Rh5 Bf4+ 24.Kb2 Bxg2 25.Rxh7 Kc6 26.Be5 Bxe5+ 27.Rxe5 a5 28.Rh6
Rb8 29.Bxb5+ Kc7 30.Re7+ Kb6 31.Rxd6+ Kxb5 32.Re5+ {#r} 1-0

[Event "Ch Kazakhstan (juniors) (under 18)"]
[Site "masterchessopen.com Pavlodar (Kazakhstan)"]
[Date "2008.03.22"]
[Round "3"]
[White "Nugumanov Bakhtiyar (KAZ)"]
[Black "Karmenov Zhanibek (KAZ)"]
[Result "1-0"]
[WhiteElo "2168"]
[BlackElo "2198"]

1.e4 c5 2.Nf3 d6 3.d4 cxd4 4.Nxd4 Nf6 5.Nc3 Nc6 6.Bg5 Bd7 7.Qd2 Rc8 8.h4 h6
9.Bxf6 gxf6 10.Nxc6 bxc6 11.g3 Rb8 12.Nd1 Bg7 13.c3 Qa5 14.Bg2 O-O 15.O-O Rb7
16.Ne3 Rfb8 17.b4 Qh5 18.Rac1 a5 19.a3 Qb5 20.Rfe1 axb4 21.cxb4 Ra7 22.Bf1 Qa4
23.Nc4 f5 24.exf5 Bxf5 25.Na5 c5 26.Qd5 Rxa5 27.bxa5 Be6 28.Rxe6 fxe6 29.Qxe6+
Kh8 30.Qg6 Qd4 31.Bd3 Kg8 32.Rc4 Rb1+ 33.Bxb1 Qxc4 34.Bf5 {#r} 1-0

[Event "Ch Ukraine (juniors) (under 16)"]
[Site "masterchessopen.com Odessa (Ukraine)"]
[Date "2008.03.25"]
[Round "6"]
[White "Nyzhnyk Illya (UKR)"]
[Black "Shumilov Illya (UKR)"]
[Result "1-0"]
[WhiteElo "2444"]
[BlackElo "2294"]

1.e4 c5 2.Nf3 d6 3.d4 cxd4 4.Nxd4 Nf6 5.Nc3 Nc6 6.Bg5 Bd7 7.Qd2 Rc8 8.O-O-O
Nxd4 9.Qxd4 Qa5 10.f4 h6 11.Bxf6 gxf6 12.Kb1 Qc5 13.Qd2 Bg7 14.Nd5 Be6 15.f5
Bxd5 16.exd5 h5 17.Re1 Rc7 18.g3 Bh6 19.Qd3 h4 20.gxh4 Bf4 21.h5 Rxh5 22.h4 a6
23.Be2 Rh6 24.Reg1 Kd7 25.Rg7 Be5 26.Qb3 Rh8 27.h5 Qd4 28.h6 Qe4 29.Bf3 Qc4
30.h7 b5 31.Qxc4 Rxc4 32.Bh5 Rcc8 33.Bxf7 Rcf8 34.Rh5 {#r} 1-0

[Event "Ch Russia (club)"]
[Site "masterchessopen.com Sochi (Russia)"]
[Date "2008.04.07"]
[Round "6"]
[White "Volokitin Andrei (UKR)"]
[Black "Iljushin Alexei (RUS)"]
[Result "1-0"]
[WhiteElo "2659"]
[BlackElo "2564"]

{ Volokitin Andrei (UKR) +1 =0 -0 Iljushin Alexei (RUS) +2 =2 -0 } 1.e4 c5
2.Nf3 Nc6 3.d4 cxd4 4.Nxd4 Nf6 5.Nc3 d6 6.Bg5 Bd7 7.Qd2 Nxd4 8.Qxd4 Qa5 (
8...h6 9.Bxf6 gxf6 10.O-O-O Qa5 11.f4 Rc8 12.Kb1 Qc5 13.Qd3 f5 14.e5 Bg7
15.Be2 O-O 16.g4 Bc6 17.Rhg1 dxe5 18.Qxf5 e6 19.Qh5 Rfd8 20.Rc1 f6 21.f5 b5
22.Bd3 Be8 23.Qh4 Qb4 24.Ne4 Qe7 25.Rgf1 Bf7 26.b3 Rd4 27.Qf2 Kh8 28.h4 {
...1/2-1/2, Matsenko Sergei 2415 - Iljushin Alexei 2528 , Moscow 30. 1.2007 It
(open) } ) 9.f4 h6 ( 9...Rc8 10.e5 dxe5 11.fxe5 e6 12.O-O-O Bc6 13.Nb5 Bxb5
14.exf6 Bc6 15.h4 g6 16.Bc4 Qc5 17.Qd3 Qf5 18.Qb3 Rd8 19.Rdf1 Qg4 20.Bxe6 fxe6
21.Rf4 Qe2 22.f7+ Kd7 23.Rd4+ Bd6 24.Rhd1 Bd5 25.Rxd5 exd5 26.Qxb7+ { 1-0,
Svidler Peter 2735 - Sherbakov Ruslan 2555 , Krasnoyarsk 2003 Ch Russia } ) (
9...e5 10.Qd2 Be7 11.O-O-O Bc6 12.Kb1 exf4 13.Bxf4 O-O 14.Nd5 Bd8 15.Nxf6+
gxf6 16.Qe3 Qh5 17.Bd3 Bb6 18.Qg3+ Kh8 19.Bxd6 Rg8 20.Qf4 Qg5 21.Qxg5 Rxg5
22.g3 Re8 23.Rhe1 Rg4 24.e5 fxe5 25.Bxe5+ Kg8 26.Bf4 Rxe1 27.Rxe1 h5 28.Bf5 {
1-0, Leko Peter 2555 - Scarella Enrique 2420 , Buenos Aires 1994 It } )
10.Bxf6 gxf6 { ?/= } 11.Bc4 ( 11.O-O-O Rc8 12.Kb1 Qc5 13.Qd3 f5 14.exf5 Bxf5
15.Qg3 Qb4 16.Rd5 Be4 17.Qg4 f5 18.Qg6+ Kd8 19.a3 Qb3 20.Bd3 Bxd3 21.Rxd3 Qg8
22.Qxf5 Qxg2 23.Rhd1 Rg8 24.Rg3 { 1-0, Motylev Alexander 2645 - Dreev Alexey
2607 , Lugo 22. 6.2007 Ch Spain (team) (Honor gr.1) } ) 11...Rc8 12.Bb3 (
12.O-O-O Qc5 13.Bb3 Qxd4 14.Rxd4 Rc5 15.Rb4 b5 16.a4 a5 17.Rd4 b4 18.Nb5 h5
19.Rhd1 h4 20.Rd5 Rxd5 21.Bxd5 Bh6 22.g3 Rg8 23.Kb1 hxg3 24.hxg3 Rxg3 25.f5
Be3 26.Rh1 Rg1+ 27.Rxg1 Bxg1 28.Bc4 Bc5 29.Ka2 e6 30.Bd3 Bc6 31.Kb3 Kd7 {
...0-1, Flindt Thomas 2161 - Malakhov Vladimir 2690 , Copenhagen 22. 7.2007 It
(open) "Politiken Cup" } ) 12...Qc5 ( 12...Rg8 13.g3 Qc5 14.Qd3 b5 15.a4 a6
16.O-O-O e6 17.axb5 axb5 18.e5 f5 19.Rhe1 Ra8 20.exd6 Ra1+ 21.Nb1 Ra6 22.Qf3 {
1/2-1/2, Fernandez Romero Ernesto 2471 - Cifuentes Parada Roberto 2540 , Dos
Hermanas 2003 It (cat.10) } ) 13.Qd3 { -0.04 CAP } ( 13.O-O-O Qxd4 14.Rxd4 Rc5
15.Rb4 b5 16.a4 a5 17.Rd4 b4 18.Nb5 h5 19.Rhd1 h4 20.Rd5 Rxd5 21.Bxd5 Bh6
22.g3 Rg8 23.Kb1 hxg3 24.hxg3 Rxg3 25.f5 Be3 26.Rh1 Rg1+ 27.Rxg1 Bxg1 28.Bc4
Bc5 29.Ka2 e6 30.Bd3 Bc6 31.Kb3 Kd7 32.c4 exf5 { ...0-1, Flindt Thomas 2161 -
Malakhov Vladimir 2690 , Copenhagen 22. 7.2007 It (open) "Politiken Cup" } )
13...f5 { N } ( 13...e6 14.O-O-O b5 15.e5 f5 16.g4 b4 17.Na4 Qa5 18.gxf5 Bxa4
19.exd6 Kd7 20.fxe6+ fxe6 21.Bxe6+ Kxe6 22.d7 Rxc2+ 23.Kb1 Rxb2+ 24.Kxb2 Bg7+
25.Kb1 Bxd1 26.Re1+ Kf6 27.Qd6+ Kf5 28.Qe6+ Kxf4 29.Qe4+ Kg5 30.Rg1+ Kh5
31.Qg6+ Kh4 32.Qg3+ { 1-0, Manik Mikulas 2465 - Balinov Ilija 2560 , Olomouc
1997 It (cat.10) } ) 14.O-O-O Bg7 15.e5 O-O 16.Nd5 Rfe8 17.exd6 exd6 18.Rhe1
Rxe1 19.Rxe1 Kf8 20.c3 Be6 21.Ne3 Qb4 { ? } ( { ? } 21...Re8 22.Bxe6 fxe6
23.Kb1 b5 24.Nc2 Bf6 25.Qh3 Bg7 26.Qf3 a5 27.Qb7 a4 28.Rd1 Qf2 { } ) 22.Bxe6
fxe6 23.Nd5 Qc5 24.Rxe6 Qg1+ 25.Kc2 Qxg2+ 26.Kb3 Qg4 27.Ne7 Rc5 28.Qxd6 Kf7
29.Re3 Rb5+ 30.Kc4 Re5 31.Rxe5 Qxf4+ 32.Kd5 Qf3+ 33.Kc5 Bxe5 34.Qxe5 Qf2+
35.Kd6 { } {#r} 1-0

[Event "It (open) (seniors)"]
[Site "masterchessopen.com Triesen (Liechtenstein)"]
[Date "2008.04.30"]
[Round "6"]
[White "Klovans Janis (LAT)"]
[Black "Blechzin Igor (RUS)"]
[Result "0-1"]
[WhiteElo "2411"]
[BlackElo "2477"]

1.e4 c5 2.Nf3 d6 3.d4 cxd4 4.Nxd4 Nf6 5.Nc3 Nc6 6.Bg5 Bd7 7.Qd2 Rc8 8.Nb3 e6
9.O-O-O a6 10.f4 h6 11.Bxf6 gxf6 12.Kb1 Na5 13.f5 Nc4 14.Bxc4 Rxc4 15.Qd3 Qc7
16.fxe6 fxe6 17.e5 dxe5 18.Qg6+ Ke7 19.Rhf1 Rf4 20.Ne4 Be8 {#R} 0-1

[Event "It (open)"]
[Site "masterchessopen.com Halkidiki (Greece)"]
[Date "2008.05.02"]
[Round "5"]
[White "Pavlidis Antonios (GRE)"]
[Black "Breahna Radu (ROM)"]
[Result "1-0"]
[WhiteElo "2260"]
[BlackElo "2307"]

1.e4 c5 2.Nf3 d6 3.d4 Nf6 4.Nc3 cxd4 5.Nxd4 Nc6 6.Bg5 Bd7 7.Qd2 Rc8 8.O-O-O
Nxd4 9.Qxd4 Qa5 10.Bd2 a6 11.f3 Qc5 12.Qd3 e6 13.g4 h6 14.Bf4 e5 15.Be3 Qc7
16.h3 b5 17.f4 Be6 18.g5 hxg5 19.fxg5 Ng4 20.Bg1 Be7 21.Kb1 Bxg5 22.Qxd6 Qb7
23.Bc5 Qc6 24.hxg4 {#r} 1-0

[Event "Ch Spain (team) (selecciones Autonomicas)"]
[Site "masterchessopen.com Melilla (Spain)"]
[Date "2008.05.02"]
[Round "4"]
[White "Aguera Naredo Javier (ESP)"]
[Black "Mascaro March Pedro (ESP)"]
[Result "0-1"]
[WhiteElo "2374"]
[BlackElo "2354"]

1.e4 c5 2.Nf3 d6 3.d4 cxd4 4.Nxd4 Nf6 5.Nc3 Nc6 6.Bg5 Bd7 7.Qd2 Nxd4 8.Qxd4 h6
9.Bxf6 gxf6 10.Bc4 Qa5 11.O-O-O Rc8 12.Bb3 Qc5 13.Qd2 e6 14.Kb1 b5 15.a4 a6
16.f4 h5 17.Rhe1 b4 18.Na2 Rb8 19.e5 fxe5 20.fxe5 d5 21.Rf1 Bc6 22.Rf3 d4
23.Rd3 Bh6 24.Qf2 Be3 25.Rxe3 dxe3 26.Qf6 Rf8 27.Bxe6 e2 {#R} 0-1

[Event "It \"]
[Site "masterchessopen.com Alushta (Ukraine)"]
[Round "1"]
[White "Pridorozhni Aleksei (RUS)"]
[Black "Belikov Vladimir (RUS)"]
[Result "0-1"]
[WhiteElo "2524"]
[BlackElo "2517"]

1.e4 c5 2.Nc3 d6 3.Nf3 Nf6 4.d4 cxd4 5.Nxd4 Nc6 6.Bg5 Bd7 7.Qd2 Rc8 8.O-O-O
Nxd4 9.Qxd4 Qa5 10.f4 Rxc3 11.bxc3 e5 12.fxe5 dxe5 13.Qc4 Ba3+ 14.Kd2 O-O
15.Bxf6 Rc8 16.Qd3 gxf6 17.Rb1 Bf8 18.Qg3+ Kh8 19.Bd3 Qxc3+ 20.Ke2 Bh6 21.Qe1
Qc6 22.Kf1 Rg8 23.h3 f5 24.Qe2 Be6 25.a3 f4 26.Qh5 Bg5 27.Kg1 Qc5+ 28.Kf1 Qxa3
29.Rg1 Bf6 30.Rxb7 Qa1+ 31.Kf2 Qd4+ 32.Kf1 a5 33.Qe2 Bh4 34.c3 Qxc3 35.g4 Rd8
{#R} 0-1

[Event "It (open)"]
[Site "masterchessopen.com Philadelphia (USA)"]
[Date "2008.06.27"]
[Round "3"]
[White "Swathi Ghate (IND)"]
[Black "Katz Michael S (USA)"]
[Result "1-0"]
[WhiteElo "2320"]
[BlackElo "2216"]

1.e4 c5 2.Nf3 d6 3.d4 cxd4 4.Nxd4 Nf6 5.Nc3 Nc6 6.Bg5 Bd7 7.Qd2 Rc8 8.Nb3 h6
9.Bxf6 gxf6 10.f4 f5 11.Bd3 fxe4 12.Nxe4 Bg7 13.c3 Qb6 14.Ng3 e6 15.Nh5 Bf8
16.Nf6+ Ke7 17.Nxd7 Kxd7 18.Qe2 a6 19.O-O-O Nb4 20.Kb1 Nxd3 21.Rxd3 Qb5 22.Nd4
Qc5 23.f5 e5 24.Nc2 Re8 25.Ne3 e4 26.Rd5 Qc6 27.Qh5 Qb6 28.Qxf7+ Re7 29.Qg6
Qxe3 30.Qxd6+ Ke8 31.Qg6+ Rf7 32.Rhd1 Be7 33.Qe6 Kf8 34.Rd8+ {#r} 1-0

[Event "It (juniors) (under 16) \"]
[Site "masterchessopen.com Varna (Bulgaria)"]
[Date "2008.06.30"]
[Round "2"]
[White "Monev Alexander (BUL)"]
[Black "Rudenkov Sergei (BLR)"]
[Result "1-0"]
[WhiteElo "2100"]
[BlackElo "1818"]

1.e4 c5 2.Nf3 Nc6 3.d4 cxd4 4.Nxd4 Nf6 5.Nc3 d6 6.Bg5 Bd7 7.Qd2 Qa5 8.Nb3 Qb6
9.O-O-O h6 10.Be3 Qc7 11.f3 a6 12.g4 e5 13.Be2 Be6 14.h4 h5 15.g5 Nd7 16.g6 f6
17.Kb1 O-O-O 18.Bf1 Kb8 19.Bh3 Bxh3 20.Rxh3 Nb6 21.Qe2 Ne7 22.Qf2 Nc4 23.f4
Nxe3 24.Rxe3 Nxg6 25.Nd5 Qd7 26.Rc3 Nxf4 27.Rc7 Qb5 28.c4 Nxd5 29.cxb5 Nxc7
30.bxa6 Nxa6 31.Qb6 Rc8 32.Na5 Rc7 33.Rc1 Rxc1+ 34.Kxc1 Nc5 35.Nc6+ {#r} 1-0

[Event "Ch Scotland"]
[Site "masterchessopen.com Glasgow (Scotland)"]
[Date "2008.07.10"]
[Round "6"]
[White "Smith Stephen"]
[Black "Marks Ian A (SCO)"]
[Result "0-1"]
[WhiteElo "1603"]
[BlackElo "1934"]

1.e4 c5 2.Nf3 d6 3.d4 cxd4 4.Nxd4 Nf6 5.Nc3 Nc6 6.Bg5 Bd7 7.Qd2 Rc8 8.O-O-O
Nxd4 9.Qxd4 Qa5 10.Bxf6 gxf6 11.Kb1 Qc5 12.Qxc5 Rxc5 13.Bd3 Bg7 14.Ne2 f5
15.exf5 Bxf5 16.Ng3 Bxd3 17.Rxd3 Kd7 18.Rhd1 Rhc8 19.R1d2 Rb5 20.b3 Rcc5 21.a4
Ra5 22.c4 Re5 23.Kc2 a6 24.f3 b5 25.Rd5 bxa4 26.b4 Raxd5 27.Rxd5 Rxd5 28.cxd5
Kc7 29.Nf5 Bf6 30.Nh6 Kb6 31.Nxf7 Kb5 32.g4 Kxb4 33.g5 Bg7 34.Kb1 Kb3 {#R} 0-1

[Event "Ch Austria (w)"]
[Site "masterchessopen.com Leoben (Austria)"]
[Date "2008.07.21"]
[Round "3"]
[White "Novkovic Julia (AUT)"]
[Black "Kopinits Anna-Christina (AUT)"]
[Result "0-1"]
[WhiteElo "2161"]
[BlackElo "2270"]

1.e4 c5 2.Nf3 d6 3.d4 cxd4 4.Nxd4 Nf6 5.Nc3 Nc6 6.Bg5 Bd7 7.Qd2 Rc8 8.f3 Nxd4
9.Qxd4 Qa5 10.Be3 a6 11.g4 g6 12.g5 Bg7 13.gxf6 Bxf6 14.Qd1 Rxc3 15.Bd2 Bh4+
{#R} 0-1

[Event "It (open)"]
[Site "masterchessopen.com Pornic (France)"]
[Round "5"]
[White "David Vincent (FRA)"]
[Black "Coudrain Jean-Yves (FRA)"]
[Result "1-0"]
[WhiteElo "2388"]
[BlackElo "1891"]

1.e4 c5 2.Nf3 d6 3.d4 cxd4 4.Nxd4 Nf6 5.Nc3 Nc6 6.Bg5 Bd7 7.Qd2 Qa5 8.Nb3 Qe5
9.f3 h6 10.Bf4 Qe6 11.O-O-O g5 12.Be3 Bg7 13.Kb1 a5 14.a4 Rc8 15.h4 g4 16.Bb5
Nb4 17.Nd4 Qe5 18.Nf5 Bf8 19.Bxd7+ Kxd7 20.Rhe1 Qe6 21.b3 b5 22.axb5 a4 23.Nd4
Qe5 24.Nxa4 {#r} 1-0

[Event "It (open) \"]
[Site "masterchessopen.com Tromsoe (Norway)"]
[Date "2008.08.02"]
[Round "7"]
[White "Lovik Lasse Ostebo (NOR)"]
[Black "Royset Paal (NOR)"]
[Result "0-1"]
[WhiteElo "2167"]
[BlackElo "2235"]

1.e4 c5 2.Nf3 Nc6 3.d4 cxd4 4.Nxd4 Nf6 5.Nc3 d6 6.Bg5 Bd7 7.Qd2 Rc8 8.f4 Nxd4
9.Qxd4 Qa5 10.O-O-O h6 11.Bxf6 gxf6 12.Be2 Qc5 13.Qd3 a6 14.Rhe1 Be6 15.e5
fxe5 16.fxe5 Qxe5 17.Bf3 Qg5+ 18.Kb1 Bg7 19.h4 Qf6 20.Bxb7 Rc7 21.Rf1 Qxh4
22.Qxa6 Qc4 23.Qa8+ Kd7 24.Qa7 Bxc3 25.bxc3 Qb5+ {#R} 0-1

[Event "Memorial Jirasek (cat.8)"]
[Site "masterchessopen.com Rakovnik (Czech Republic)"]
[Date "2008.08.16"]
[Round "9"]
[White "Palek Miroslav (GER)"]
[Black "Neuman Petr (CZE)"]
[Result "0-1"]
[WhiteElo "2240"]
[BlackElo "2455"]

1.e4 c5 2.Nf3 Nc6 3.d4 cxd4 4.Nxd4 Nf6 5.Nc3 d6 6.Bg5 Bd7 7.Qd2 Rc8 8.O-O-O
Nxd4 9.Qxd4 Qa5 10.f4 Rxc3 11.bxc3 e5 12.Qe3 Ng4 13.Qf3 h6 14.Bh4 exf4 15.Kb1
Ne3 16.Rd3 Qb5+ 17.Kc1 Nc4 18.Kd1 Qb1+ 19.Ke2 Qxc2+ 20.Ke1 Ne5 21.Qd1 Nxd3+
22.Qxd3 Qc1+ 23.Kf2 g5 {#R} 0-1

[Event "It (open)"]
[Site "masterchessopen.com Nikea (Greece)"]
[Date "2008.08.26"]
[Round "2"]
[White "Sigalas Frangiskos (GRE)"]
[Black "Nikolaidis Ioannis (GRE)"]
[Result "0-1"]
[WhiteElo "2277"]
[BlackElo "2529"]

1.e4 c5 2.Nf3 d6 3.d4 Nf6 4.Nc3 cxd4 5.Nxd4 Nc6 6.Bg5 Bd7 7.Qd2 Rc8 8.Nxc6
Bxc6 9.Bd3 e6 10.O-O-O Be7 11.f4 O-O 12.Kb1 h6 13.h4 b5 14.Bxf6 Bxf6 15.Ne2 e5
16.g4 Bxh4 17.g5 hxg5 18.f5 d5 19.Qe3 dxe4 20.Bxe4 Qb6 21.Qxb6 axb6 22.Bxc6
Rxc6 23.Nc3 Rxc3 24.bxc3 e4 {#R} 0-1

[Event "Memorial V.Korensky"]
[Site "masterchessopen.com Tambov (Russia)"]
[Date "2008.08.28"]
[Round "7"]
[White "Alikhanov Felix (RUS)"]
[Black "Simakov Alixey (RUS)"]
[Result "1-0"]
[WhiteElo "2437"]
[BlackElo "1930"]

1.e4 c5 2.Nf3 d6 3.d4 cxd4 4.Nxd4 Nf6 5.Nc3 Nc6 6.Bg5 Bd7 7.Qd2 Rc8 8.Bxf6
gxf6 9.O-O-O Qa5 10.Nb3 Qd8 11.f4 Bg7 12.Bd3 a6 13.Kb1 Na5 14.Nd5 Nxb3 15.axb3
b5 16.g4 a5 17.Rhg1 a4 18.g5 fxg5 19.Rxg5 Bh6 20.Rh5 Bf8 21.e5 axb3 22.cxb3
dxe5 23.Rxe5 e6 24.f5 Bg7 25.Qe2 Bc6 26.fxe6 Bxe5 27.Qxe5 Bxd5 28.Bxb5+ Ke7
29.exf7+ Be6 30.Qg5+ {#r} 1-0

[Event "Ch Europe (juniors) (under 12)"]
[Site "masterchessopen.com Herceg Novi (Montenegro)"]
[Date "2008.09.21"]
[Round "6"]
[White "Boskovic Maksimilijan (SRB)"]
[Black "Yuffa Daniil (RUS)"]
[Result "0-1"]
[WhiteElo "1903"]
[BlackElo "2139"]

1.e4 c5 2.Nf3 Nc6 3.d4 cxd4 4.Nxd4 Nf6 5.Nc3 d6 6.Bg5 Bd7 7.Qd2 Rc8 8.O-O-O
Nxd4 9.Qxd4 Qa5 10.Bd2 e5 11.Qd3 a6 12.a3 Qc7 13.Kb1 Be7 14.h3 O-O 15.g4 Be6
16.Bg2 Nd7 17.f4 Nc5 18.Qg3 exf4 19.Bxf4 Na4 20.Rd3 Qc4 21.Bd2 Nxc3+ 22.Bxc3
Qa2+ 23.Kc1 Bg5+ 24.Kd1 Qb1+ 25.Ke2 Qxc2+ 26.Ke1 Bc4 27.Re3 Bxe3 28.Qxe3 {#R}
0-1

[Event "Ch Russia (seniors)"]
[Site "masterchessopen.com Odintsovo (Russia)"]
[Date "2008.10.07"]
[Round "5"]
[White "Rosanov Lev I (RUS)"]
[Black "Novogrudsky Nikolay (RUS)"]
[Result "0-1"]
[WhiteElo "2127"]
[BlackElo "2226"]

1.e4 c5 2.Nf3 Nc6 3.Nc3 d6 4.d4 cxd4 5.Nxd4 Nf6 6.Bg5 Bd7 7.Qd2 Rc8 8.Nb3 a6
9.Be2 e6 10.O-O Be7 11.Rad1 O-O 12.f4 Qb6+ 13.Kh1 Rfd8 14.Qe1 Be8 15.Bf3 Qc7
16.Qg3 Kh8 17.Rf2 h6 18.Qh3 Ng8 19.Rfd2 Bxg5 20.fxg5 Ne5 21.Be2 Qe7 22.gxh6
gxh6 23.Nd4 Kh7 24.Nf3 Rc5 25.Qg3 Bc6 26.Nxe5 Rxe5 27.Rxd6 Rg5 28.Qd3 Rxd6
29.Qxd6 Qxd6 30.Rxd6 Re5 31.Kg1 Nf6 32.Bd3 Kg7 33.Rd4 Rg5 34.g3 Nd7 35.Rd6
{#R} 0-1

[Event "Czech League 2008/09 (2nd) (b)"]
[Site "masterchessopen.com Czech Republic"]
[Date "2008.10.12"]
[Round "1"]
[White "Bargel Martin (CZE)"]
[Black "Hrbolka Ladislav Jr (CZE)"]
[Result "0-1"]
[WhiteElo "2160"]
[BlackElo "2230"]

1.e4 c5 2.Nf3 d6 3.d4 cxd4 4.Nxd4 Nf6 5.Nc3 Nc6 6.Bg5 Bd7 7.Qd2 a6 8.a4 e6
9.Be2 Rc8 10.O-O Be7 11.Nxc6 Bxc6 12.Bd3 O-O 13.Kh1 Qc7 14.Rae1 b5 15.axb5
axb5 16.Re3 b4 17.Ne2 Qa5 18.Rg3 Rfe8 19.Nd4 Nxe4 20.Bxe4 Bxe4 21.Re1 Bg6
22.h4 h6 23.Bxh6 Bxh4 24.Rg4 Qh5 {#R} 0-1

[Event "Ch Chess Club (final)"]
[Site "masterchessopen.com Voronezh (Russia)"]
[Date "2008.10.16"]
[Round "7"]
[White "Morozov Evgeny (RUS)"]
[Black "Provkin Vladimir (RUS)"]
[Result "0-1"]
[WhiteElo "2331"]
[BlackElo "2297"]

1.e4 c5 2.Nf3 d6 3.d4 Nf6 4.Nc3 cxd4 5.Nxd4 Nc6 6.Bg5 Bd7 7.Qd2 Rc8 8.Nxc6
Bxc6 9.f3 a6 10.O-O-O e6 11.Kb1 Be7 12.h4 b5 13.Bd3 b4 14.Ne2 a5 15.Nd4 Bd7
16.g4 a4 17.Be3 a3 18.g5 Nh5 19.b3 O-O 20.f4 Re8 21.Rdg1 g6 22.Be2 e5 23.Bxh5
exd4 24.Bxd4 gxh5 25.Bf6 Bf8 26.f5 Qa5 27.g6 fxg6 28.fxg6 Bg4 29.gxh7+ Kxh7
30.Qd3 Re5 {#R} 0-1